Fortune

Enregistré dans:
Détails bibliographiques
Format: Publication en série
Langue:anglais
Publié: Chicago Fortune 1980
Tags: Ajouter un tag
Pas de tags, Soyez le premier à ajouter un tag!

MARC

LEADER 00000nas2a2200000 4500
001 s124478
005 20250730114225.7
041 0 |a eng 
044 |a US 
245 1 0 |a Fortune 
264 1 |a Chicago  |b Fortune  |c 1980 
300 |a 2 zv. 
773 0 |w eu_un_cat*s120711